| 000 | 01006nam a22002897a 4500 | ||
|---|---|---|---|
| 001 | 7824 | ||
| 003 | FISKH | ||
| 005 | 20250811133943.0 | ||
| 008 | 250811b cb ||||| |||| 00| 0 eng d | ||
| 040 |
_aFISKH _beng _cFISKH _dFISKH |
||
| 050 | _aPZ7.S433 R | ||
| 082 | _a823.92 | ||
| 100 |
_aNesbit, Edith _d(1858–1924) |
||
| 245 |
_aThe railway children / _cE.Nesbit ; Adapted by Mary Sebag-Montefiore ; Illustrated by Alan Marks |
||
| 250 | _aThis edition first published in 2007 | ||
| 260 |
_aLondon : _bUsborne, _c2007 |
||
| 300 |
_a64 pages : _bcolor illustrations ; _c20 cm |
||
| 505 | _aP | ||
| 520 | _a'The Railway Children' is a re-telling of the beloved story following the lives of three children growing up after their father is wrongly accused of spying. | ||
| 521 | 8 |
_a640
_bLexile |
|
| 521 | 8 |
_aP
_bRaz-Plus |
|
| 650 |
_2Usborne _aPicture book |
||
| 650 |
_221st century fiction _aAlicia 6-7 |
||
| 700 |
_aMarks, Alan _dillustrator |
||
| 942 |
_2ddc _cBK _n0 |
||
| 999 |
_c7824 _d7824 |
||